Anciens Logos de Marques - Statistiques

Statistiques générales
  • Ce quiz a été pris 463 fois
  • Le résultat moyen est 12 sur 16
Statistiques - réponses
Par images Réponse % Correct
Pepsi
99%
X
99%
France 2
98%
Instagram
98%
Adidas
97%
The Walt Disney Company
96%
Deezer
92%
Microsoft
90%
Warner Bros
90%
Mercedes-Benz
83%
Volkswagen
75%
Shell
63%
Starbucks
45%
Canon
39%
Caisse d’Epargne
32%
Mozilla Firefox
15%
Aucun quiz correspondant
Distribution des résultats
% des personnes avec chaque résultat
Percentile par nombre de réponses
Votre historique - résultats
Vous n’avez pas pris ce quiz